MyGZULibrary

Protocols additional to the Geneva Conventions of 12 August 1949 : (Record no. 2918)

MARC details
000 -LEADER
fixed length control field 01424cam a2200325 a 4500
001 - CONTROL NUMBER
control field 14720434
003 - CONTROL NUMBER IDENTIFIER
control field GZU
005 - DATE AND TIME OF LATEST TRANSACTION
control field 20201111110553.0
008 - FIXED-LENGTH DATA ELEMENTS--GENERAL INFORMATION
fixed length control field 070201s1996 sz a i100 0 eng d
010 ## - LIBRARY OF CONGRESS CONTROL NUMBER
LC control number 2007366335
020 ## - INTERNATIONAL STANDARD BOOK NUMBER
International Standard Book Number 2881450288
035 ## - SYSTEM CONTROL NUMBER
System control number (CStRLIN)PAUL05-B11958
035 ## - SYSTEM CONTROL NUMBER
System control number (PU-L).b4808721
040 ## - CATALOGING SOURCE
Original cataloging agency CStclU-L
Transcribing agency CStclU-L
Modifying agency PU-L
-- CStRLIN
-- DLC
042 ## - AUTHENTICATION CODE
Authentication code lccopycat
050 00 - LIBRARY OF CONGRESS CALL NUMBER
Classification number KZ6462
Item number P76 1996
130 0# - MAIN ENTRY--UNIFORM TITLE
Uniform title Geneva Conventions
Date of treaty signing (1949 August 12).
Form subheading Protocols, etc.
Date of treaty signing (1977 June 10)
245 10 - TITLE STATEMENT
Title Protocols additional to the Geneva Conventions of 12 August 1949 :
Remainder of title resolutions of the 1974-77 Diplomatic Conference : extracts from the final act of the 1974-77 Diplomatic Conference.
250 ## - EDITION STATEMENT
Edition statement Rev. ed. 1996.
260 ## - PUBLICATION, DISTRIBUTION, ETC.
Place of publication, distribution, etc. Geneva :
Name of publisher, distributor, etc. International Committee of the Red Cross,
Date of publication, distribution, etc. [1996?]
300 ## - PHYSICAL DESCRIPTION
Extent 134 p. :
Other physical details ill. ;
Dimensions 23 cm.
650 #0 - SUBJECT ADDED ENTRY--TOPICAL TERM
Topical term or geographic name entry element Prisoners of war
General subdivision Legal status, laws, etc.
650 #0 - SUBJECT ADDED ENTRY--TOPICAL TERM
Topical term or geographic name entry element War
General subdivision Protection of civilians.
650 #0 - SUBJECT ADDED ENTRY--TOPICAL TERM
Topical term or geographic name entry element Combatants and noncombatants (International law)
710 2# - ADDED ENTRY--CORPORATE NAME
Corporate name or jurisdiction name as entry element International Committee of the Red Cross.
711 2# - ADDED ENTRY--MEETING NAME
Meeting name or jurisdiction name as entry element Diplomatic Conference on the Reaffirmation and Development of International Humanitarian Law Applicable in Armed Conflicts
Date of meeting or treaty signing (1974-1977 :
Location of meeting Geneva, Switzerland)
906 ## - LOCAL DATA ELEMENT F, LDF (RLIN)
a 7
b cbc
c copycat
d 2
e ncip
f 20
g y-gencatlg
942 ## - ADDED ENTRY ELEMENTS (KOHA)
Source of classification or shelving scheme Library of Congress Classification
Koha item type Books
Classification part 6462
Item part PRO
Call number prefix KZ
Call number suffix 2010
Holdings
Withdrawn status Lost status Damaged status Not for loan Collection code Home library Current library Shelving location Date acquired Total Checkouts Full call number Barcode Date last seen Date last checked out Copy number Price effective from Koha item type
        Non-fiction City Campus Library City Campus Library General Stacks 11/11/2020 1 KZ6462 PRO 2010 029739 05/29/2025 05/28/2025 c.1 11/11/2020 Books
        Non-fiction City Campus Library City Campus Library General Stacks 11/11/2020 1 KZ3462 PRO 2010 029735 05/29/2025 05/25/2025 c.2 11/11/2020 Books
        Non-fiction City Campus Library City Campus Library General Stacks 11/11/2020 1 KZ6462 PRO 2020 029738 05/29/2025 05/25/2025 c.3 11/11/2020 Books
        Non-fiction City Campus Library City Campus Library General Stacks 11/11/2020 2 KZ6462 PRO 2010 029736 05/29/2025 05/25/2025 c.4 11/11/2020 Books
        Non-fiction City Campus Library City Campus Library General Stacks 11/11/2020 1 KZ6462 PRO 2010 029737 05/29/2025 05/28/2025 c.5 11/11/2020 Books
        Non-fiction City Campus Library City Campus Library General Stacks 11/11/2020 2 KZ6462 PRO 2010 029740 05/29/2025 05/25/2025 c.6 11/11/2020 Books